| 000 | 00870nam a2200253Ia 4500 | ||
|---|---|---|---|
| 003 | OSt | ||
| 005 | 20250210150630.0 | ||
| 008 | 210210b2008 xxu||||| |||| 00| 0 eng d | ||
| 020 | _a9788128009273 | ||
| 040 | _cAL | ||
| 041 | _aKannada | ||
| 082 | _aK894.209 RAMG | ||
| 100 |
_aRAMACHANDRAN (C N) _9134443 _dಸಿ ಎನ್ ರಾಮಚಂದ್ರನ್ |
||
| 245 |
_aGirisha karnada mattu avara muru charitrika natakagalu _bಗಿರೀಶ್ ಕಾರ್ನಾಡ ಮತ್ತು ಅವರ ಮೂರು ಚಾರಿತ್ರಿಕ ನಾಟಕಗಳು |
||
| 260 |
_aBengaluru _bSapna book house _c2008 |
||
| 300 | _a116 | ||
| 650 |
_aTughalakh _9134444 |
||
| 650 |
_aTughalaq _9134445 |
||
| 650 |
_aTipu Sultana Kanda Kanasu _9134446 |
||
| 650 |
_aTaledanda _9134447 |
||
| 690 |
_aKannada Drama Criticism _9134448 |
||
| 906 | _a063193 | ||
| 942 |
_2ddc _cBK |
||
| 999 |
_c133952 _d133952 |
||